000 00376nam a22001577a 4500
003 MPLRDC
005 20220104144144.0
008 210129b ||||| |||| 00| 0 eng d
082 _a544.67 ZYN
100 _a陈亚南主编
245 _a怎样教出好孩子
_c
260 _a
_b宇宙出版社
_c
300 _b
650 _a青少年问题
942 _cBK
_o544.67 ZYN
999 _c46911
_d46901